000 00496nam a2200181Ia 4500
001 1444
005 20260306143729.0
008 260306t2018||||xx |||||||||||||| ||spa||
041 _aESP
082 _a150.1943
_bM84
100 _aMontgomery Urday, William
_eAUT
245 0 _aConductismo:
_bun análisis paradigmático: cuestiones teóricas, filosóficas y profesionales
260 _c2018
300 _a333 páginas :
_c21 cm.
650 _aGEN
654 _aCPS
942 _cLIB
_dJUS
_fJUS
_2ddc
_n
999 _c1444
_d1444